000 00392nam a2200157Ia 4500
008 221030s9999 xx 000 0 und d
020 _a8174462007
041 _aEnglish
082 _a105.23
_bYad
100 _aD. S. Yadav
245 0 _aFundamentals of Information Technology
_cby D. S. Yadav
260 _bNew Age International Pub.
_c2000
300 _a463
650 _aIT
942 _cBK
999 _c1167
_d1167